00664nam a2200193Ia 4500001001000000003000500010008004100015010001100056040000900067082001900076100002000095245014400115300001000259440001700269500011000286650001200396650004300408650001900451Para_7751CHAP220125s9999 xx 000 0 und d a206587 cCHAP aPA-C 595.77 D5 aVan Duzee, M.C. aA revision of the North American species of the genus argyra macquart, two-winged flies of the family dolichopodidae /c by M.C. Van Duzee a42 p. aDíptera; 3 aSobretiro de: Proceedings U.S. National Museum 66 (2560): 1-42. Encuadernado con otros impresos similares aArgyra  aDípteros x colecciones de escritos  aDolichopodidae